• 首页
  • 本馆介绍
  • 公告通知
  • 最新文献
  • 馆藏检索
  • 电子资源
  • 读者导购
  • 参考咨询
  • 我的图书馆
  • 登录
  • 详细信息显示
  • 放入我的书架
  • 预约/预借图书
  • 作者相关作品
  • 分类相关作品
  • 丛书相关作品
  • 出版社相关作品

书目信息

  • 表格格式
  • 工作单格式
  • 卡片格式
题名:
猫咪家庭医学大百科
    
 
作者: 林政毅 , 陈千雯 著
分册:  
出版信息: 北京   电子工业出版社  2016.05
页数: 259页
开本: 25cm
丛书名:
单 册:
中图分类: S829.3 , S858.293 , S829.293
科图分类:
主题词: 猫--饲养管理--百科全书 , 猫病--诊疗--百科全书
电子资源:
ISBN: 978-7-121-28213-3
000 01083nam0 2200289 450
001 5630
005 20181016143231.98
010    @a978-7-121-28213-3@b精装@dCNY89.00
100    @a20160826d2016 em y0chiy50 ea
101 0  @achi
102    @aCN@b110000
105    @aa z 000yy
200 1  @a猫咪家庭医学大百科@9mao mi jia ting yi xue da bai ke@f林政毅, 陈千雯著
210    @a北京@c电子工业出版社@d2016.05
215    @a259页@c图@d25cm
300    @a喵呜文化
305    @a通过北京麦士达版权代理有限公司代理,经台湾城邦文化事业股份有限公司麦浩斯出版事业部授予出版
330    @a本书从了解猫咪生理特性开始,讲述猫咪一生的生理变化、常见疾病介绍及症状、简易居家医疗照护等,旨在让所有猫咪的主人多了解猫咪、观察猫咪是否生病、给它们适当的照顾,并能够分辨猫咪身体状况,及早预防潜藏的疾病。
606 0  @a猫@x饲养管理@j百科全书
606 0  @a猫病@x诊疗@j百科全书
690    @aS829.3@v5
690    @aS858.293@v5
690    @aS829.293@v4
701  0 @a林政毅@9lin zheng yi@4著
701  0 @a陈千雯@9chen qian wen@4著
801  0 @aCN@b91MARC@c20160826
905    @aMuseLib@dS829.293@e191
    
    猫咪家庭医学大百科/林政毅, 陈千雯著.-北京:电子工业出版社,2016.05
    259页:图;25cm
    喵呜文化
    
    ISBN 978-7-121-28213-3(精装):CNY89.00
    本书从了解猫咪生理特性开始,讲述猫咪一生的生理变化、常见疾病介绍及症状、简易居家医疗照护等,旨在让所有猫咪的主人多了解猫咪、观察猫咪是否生病、给它们适当的照顾,并能够分辨猫咪身体状况,及早预防潜藏的疾病。
●
相关链接 在E读中查询图书 在五车中查询图书 在当当中查询图书 在豆瓣中查询图书


正题名:猫咪家庭医学大百科     索取号:S829.293/191         预约/预借

序号 登录号 条形码 馆藏地/架位号 状态 备注
1 1130600   211306004   第二样本阅览室/ [索取号:S829.293/191] 在馆    
2 1130601   211306013   密集书库-生命科学系/ [索取号:S829.293/191] 在馆    
3 1130602   211306022   第三借阅区/ [索取号:S829.293/191] 在馆    
4 1130603   211306031   第三借阅区/ [索取号:S829.293/191] 在馆    
5 1130604   211306040   第三借阅区/ [索取号:S829.293/191] 在馆    
唐山师范学院图书馆 欢迎您!
大连网信软件有限公司© 版权所有